Tilastot visalle Aasian pääkaupungit kartalla

Klikkaa tästä pelataksesi tätä visaa!

Yleistilastot

  • Tätä visaa on pelattu 237 kertaa
  • Keskiarvotulos 31 / 48

Vastaukset kartalla

Vastauksille on annettu kartalla punavihreä väri sen mukaan, kuinka moni on saanut sen oikein.
Ladataan ...
 

Vastaustilastot

Vastaus% Oikein
Tokio
93%
Soul
91%
New Delhi
91%
Peking
89%
Pjongjang
88%
Ankara
86%
Bangkok
85%
Taipei
84%
Ulaanbaatar
80%
Manila
78%
Kathmandu
77%
Singapore
76%
Hanoi
76%
Jerusalem
73%
Jakarta
72%
Kuwait
71%
Nikosia
71%
Teheran
70%
Abu Dhabi
68%
Riad
67%
Bagdad
66%
Kuala Lumpur
66%
Phnom Penh
65%
Islamabad
65%
Kabul
64%
Dhaka
63%
Baku
59%
Tbilisi
58%
Malé
58%
Vientiane
57%
Damaskos
56%
Sanaa
55%
Beirut
55%
Thimphu
54%
Nur-Sultan
54%
Doha
53%
Kotte
52%
Dili
52%
Naypyidaw
51%
Jerevan
50%
Amman
50%
Bandar Seri
Begawan
49%
Ašgabat
48%
Masqat
46%
Biškek
45%
Taškent
41%
Manama
40%
Dušanbe
37%

Tulosjakauma

Persentiili vastausten määrän mukaan

Jokaisen tuloksen saaneiden osuus

Tuloshistoriasi

Et ole pelannut tätä visaa